000
00338nam a2200145Ia 4500
005
20250324132554.0
008
240331s9999 xx 000 0 und d
082
_b
KUL
_a
894
100
_a
Kulasekar, D
245
0
_a
Oru snekithikkaha
260
_a
Shivagangai
_b
Akaram
_c
1990
300
_a
134 p .,
650
_a
Short Stories
942
_c
L
999
_c
4040
_d
4040